Statistiche per Pontificati più lunghi

Clicka qui per fare il quiz!

Statistiche generali

  • Questo quiz è stato fatto 7 volte
  • Il punteggio medio è 6 su 11

Statistiche sulle risposte

AnniDurataRisposta% Corretto
1978-200526 anni 5 mesi 17 giorniGiovanni Paolo II
100%
1846-187831 anni 7 mesi 23 giorniPio IX
80%
1775-179924 anni 6 mesi 14 giorniPio VI
80%
1800-182323 anni 5 mesi 6 giorniPio VII
80%
33-67circa 34 anniPietro
60%
440-46121 anni 1 mese 13 giorniLeone I
40%
1878-190325 anni 4 mesi 29 giorniLeone XIII
40%
314-33521 anni 11 mesi 1 giornoSilvestro I
40%
772-79523 anni 10 mesi 25 giorniAdriano I
20%
1159-118121 anni 11 mesi 2 giorniAlessandro III
20%
1623-164420 anni 11 mesi 23 giorniUrbano VIII
20%

Distribuzione punteggi

Percentile per numero di risposta

Percentuale di utenti per punteggio

I tuoi punteggi nel tempo

Non hai fatto questo quiz